1532 1376 1267 1800 1105 1648 1974 1638 1508 1560 1407 1858 1925 1990 1269 1061 1088 1250 1950 1492 1435 1874 1292 1294 1149 1399 1834 1830 1441 1358 1832 1512 1858 1274 1811 1861 1907 1654 1246 1998 1803 1952 1653 1393 1601 1805 1171 1352 1077 1835 1393 1134 1429 1498 1737 1070 1893 1174 1804 1639 1319 1838 1760 1519 1818 1726 1049 1511 1649 1154 1505 1925 1246 1943 1667 1456 1025 1476 1484 1623 1348 1512 1209 1876 1032 1244 1254 1935 1268 1551 1459 1921 1301 1269 1391 1086 1240 1136 1623 BCNSPRNW ULIB Ver.6.0+V

เปลี่ยนเป็นภาษาไทย

Change to English
 แสดงรายละเอียดบรรณานุกรม
  กลับหน้าหลัก

Brief Record : Get Marc (ISO 2709) : E-mail record : QR code < ปิดหน้าต่าง
LEADER : 00000nam 2200000uu 4500
001    13399121069
003     ULIB
008    121101s2550||||th 000 0 tha d
020    ^a9789742131302
050  4 ^aHA32^bย351ว ล.3
100 0  ^aยุทธ ไกยวรรณ์
245 10 ^aวิเคราะห์ข้อมูลวิจัย 3 =^bStep by step SPSS 3 /^cยุทธ ไกรวรรณ์
246 31 ^aStep by step SPSS 3
260    ^aกรุงเทพฯ :^bศูนย์สื่อเสริมกรุงเทพ,^c2550
300    ^a162 หน้า :^bภาพประกอบ ;^c26 ซม.
650  4 ^aเอสพีเอสเอส (โปรแกรมคอมพิวเตอร์)
650  4 ^aเอสพีเอสเอสสำหรับวินโดวส์
650  4 ^aสถิติ^xการประมวลผลข้อมูล
650  4 ^aสถิติ^xโปรแกรมคอมพิวเตอร์
945    ^p125^l0^i15101
995    ^aทศพร
999    ^aทศพร เกษรทอง
รายการนี้ยังไม่มีแท็ก
คุณยังไม่ได้ล็อกอิน คุณสามารถมีกิจกรรมร่วมกับเว็บไซต์ได้ แต่ต้องล็อกอินก่อน ::
  ล็อกอิน

รายการสื่อสารสนเทศ

ลำดับที่ ประเภท เลขเรียก/บาร์โค้ด สถานที่ สถานะ
1. วิทยาศาสตร์การแพทย์ และสุขภาพ
วิทยาศาสตร์การแพทย์ และสุขภาพ
HA32 ย351ว ล.3 ฉ.1 
  Barcode: 15101
ห้องสมุดวิทยาเขตสวรรค์ประชารักษ์
►หนังสือทั่วไป
บนชั้น

รายการใกล้เคียง
    ผู้แต่ง [ยุทธ ไกยวรรณ์]

    หัวเรื่อง [เอสพีเอสเอส (โปรแกรมคอมพิวเตอร์)]
    หัวเรื่อง [เอสพีเอสเอสสำหรับวินโดวส์]

BibComment


ยังไม่เคยถูกคอมเมนท์

คอมเมนท์ทรัพยากรรายการนี้
  คอมเมนท์: วิเคราะห์ข้อมูลว..


 Copyright 2026. Bcnsprnw @Library